000 01020nam a2200313 a 4500
001 000109857
003 CHAP
005 20220329144106.0
008 140603s2013 mx ad |rm |0|||||spa d
010 _a106319
011 _a107291
040 _cCHAP
090 _aTesis
100 1 _aMorales Román, Victoria
_9127188
245 1 0 _aEvaluación de diferentes niveles de ácidos nucleicos en la alimentación de lechones durante la etapa de lactancia /
_cpor Victoria Morales Román.
260 _aCocula, Gro. :
_bEl autor,
_c2013.
300 _a39 h.
502 _aTesis (Ing. Agr. Zootecnista) -- CSAEGRO
590 _aBATCH-UPD
_b05
_c20140604
_lUCH01
_h0933
590 _aE5652GLJ
_b05
_c20140603
_lUCH01
_h1440
590 _aE5652GLJ
_b05
_c20140604
_lUCH01
_h0932
650 1 4 _aÁcidos nucleicos en la alimentación.
_9127196
650 1 4 _aLechones
_xAlimentación.
_965444
650 1 4 _aLechones
_xNutrición.
_965447
650 1 4 _aLechones
_xPeso.
_965448
901 _aBK
942 _cTESIS
942 _n0
999 _c106319
_d106319